banner-ar

كتاب العرش وما روى فيه / (Record no. 53312)

MARC details
000 -الفاتح
حقل البيانات ثابتة الطول 00573nam a2200181Ia 4500
008 - عناصر البيانات ثابتة الطول - معلومات عامة
حقل البيانات ثابتة الطول 140319s9999 xx 000 0 ara d
040 ## - مصدر الفهرسة
وكالة الفهرسة الأصلية GCL /
وكالة النسخ GCL
082 04 - رقم تصنيف ديوى العشرى
رقم التصنيف 229
رقم المادة ح ك
100 1# - المدخل الرئيسى - إسم شخصى
الإسم الشخصى الحامد محمد عثمان بن ابى شينه
245 10 - بيان العنوان
العنوان كتاب العرش وما روى فيه /
بيان المسئوليه,etc الحامد محمد عثمان بن ابى شينه
700 1# - المدخل الاضافى - اسم شخصى
الإسم الشخصى ابوعبدالله محمد بن حمد
260 ## - PUBLICATION, DISTRIBUTION, ETC. (IMPRINT)
تاريخ النشر أو التوزيع 1990
300 ## - الوصف المادى
التعداد 111 ص
490 ## - بيان السلسلة
عنوان السلسلة
650 04 - المدخل الاضافى بالموضوع-مصطلح موضوعى
مصطلح موضوعي القران
942 ## - عناصر المدخل الإضافي( كوها)
مصدر التصنيف او مخطط الترفيف Dewey Decimal Classification
Koha [default] item type كتاب
260 ## - PUBLICATION, DISTRIBUTION, ETC. (IMPRINT)
-- [S.N] :
-- مكتبه السنه ،
Holdings
حالة التراجع حالة الفقد حالة تلف ليس للاعارة المكان المؤقت الموقع الحالى تاريخ الاكتساب اجمالي اﻻعارات رقم الطلب الباركود تاريخ اخر مشاهدة تاريخ تفعيل السعر نوع وعاء كوها مصدر التصنيف او خطة الترفيف
        مكتبة القاهرة الكبرى مكتبة القاهرة الكبرى 03/26/2014   229\ح ك 127936 03/26/2014 03/26/2014 كتاب  
        مكتبة القاهرة الكبرى مكتبة القاهرة الكبرى 02/25/2019   229 ح ك 165610 02/25/2019 02/25/2019 كتاب ddc

Powered By

EGPV